| 000 -LEADER |
| fixed length control field |
00740cam a2200217 a 4500 |
| 020 ## - INTERNATIONAL STANDARD BOOK NUMBER |
| ISBN |
0198564368 |
| 040 ## - CATALOGING SOURCE |
| Transcribing agency |
DLC |
| 082 00 - DEWEY DECIMAL CLASSIFICATION NUMBER |
| Classification number |
333 OXF 1995 C155 Or. |
| 100 1# - MAIN ENTRY--AUTHOR NAME |
| Personal name |
Ravindranath, N. H. |
| 245 10 - TITLE STATEMENT |
| Title |
Biomass, energy, and environment : |
| Remainder of title |
a developing country perspective from India / |
| 260 ## - PUBLICATION, DISTRIBUTION, ETC. (IMPRINT) |
| Place of publication |
Oxford ; |
| -- |
New York : |
| Name of publisher |
Oxford University Press, |
| Year of publication |
1995. |
| 300 ## - PHYSICAL DESCRIPTION |
| Number of Pages |
xiv, 376 p. : |
| Other physical details |
ill. ; |
| Dimensions |
24 cm. |
| 650 #0 - SUBJECT ADDED ENTRY--TOPICAL TERM |
| Topical Term |
Renewable energy sources |
| 650 #0 - SUBJECT ADDED ENTRY--TOPICAL TERM |
| Topical Term |
Biomass energy |
| 650 #0 - SUBJECT ADDED ENTRY--TOPICAL TERM |
| Topical Term |
Renewable energy sources |
| 650 #0 - SUBJECT ADDED ENTRY--TOPICAL TERM |
| Topical Term |
Biomass energy |
| 700 1# - ADDED ENTRY--PERSONAL NAME |
| Personal name |
Hall, D. O. |
| 856 42 - ELECTRONIC LOCATION AND ACCESS |
| Uniform Resource Identifier |
http://www.loc.gov/catdir/enhancements/fy0606/95010584-d.html |
| 856 41 - ELECTRONIC LOCATION AND ACCESS |
| Uniform Resource Identifier |
http://www.loc.gov/catdir/enhancements/fy0606/95010584-t.html |
| 942 ## - ADDED ENTRY ELEMENTS (KOHA) |
| Koha item type |
ADB |
| 952 ## - LOCATION AND ITEM INFORMATION (KOHA) |
| Withdrawn status [LOCAL, KOHA] |
0 |